|
|
|
|
| LEADER |
00000cam a2200000 i 4500 |
| 001 |
1/36179 |
| 008 |
130905s2008 gr | ||| |||| ||gre|| |
| 020 |
|
|
|a 9789604352043
|
| 035 |
|
|
|l 10115593
|
| 040 |
|
|
|a GR-MyUa
|b gre
|e AACR2
|
| 041 |
1 |
|
|a gre
|h nor
|
| 082 |
7 |
|
|a 839.823
|2 (22)
|
| 100 |
1 |
|
|a Staalesen, Gunnar,
|d 1947-
|
| 245 |
1 |
0 |
|a Στο σκοτάδι όλοι οι λύκοι είναι γκρι /
|c Gunnar Staalesen ; μετάφραση από τα νορβηγικά Κρυστάλλη Γλυνιαδάκη.
|
| 260 |
|
|
|a Αθήνα :
|b Πόλις,
|c c2008.
|
| 300 |
|
|
|a 387 σ. ;
|c 21 εκ.
|
| 500 |
|
|
|a Τίτλος πρωτοτύπου: I mørket er alle ulver gra.
|
| 650 |
|
0 |
|a Norwegian fiction.
|
| 852 |
|
|
|a INST
|b SYROS
|e 20130905
|h 839.823 STA
|p 005500010982
|q 005500010982
|t BK
|y 0
|
| 901 |
|
|
|a BIBL5-2013-1
|
| 970 |
|
|
|a Κοντού
|b Παρασκευή
|z 05/09/2013
|